| 000 | 00794nam a22002177a 4500 | ||
|---|---|---|---|
| 003 | OSt | ||
| 005 | 20140310182336.0 | ||
| 008 | 130925t xxu||||| |||| 00| 0 eng d | ||
| 020 | _a9789718527832 | ||
| 050 |
_aDS 675.8R6 _b.L68 2010 |
||
| 100 |
_aDe Pedro, Javier _921586 |
||
| 245 |
_aRomance and revolution : _ba look into the lives and times of Jose Rizal and Josephine Bracken / _cLuisa Lisa and Javier de Pedro. |
||
| 260 |
_aPasig City : _bUniversity of Asia and the Pacific, _cc2010. |
||
| 300 |
_axv. 386 p. : _c23 cm. |
||
| 500 | _aIncludes bibliographical references and index. | ||
| 651 |
_a Rizal, Jose, 1861-1896. _921587 |
||
| 651 |
_aBracken, Josephine. _921588 |
||
| 651 |
_aRevolutionaries _xPhilippines _xBiography. _921589 |
||
| 942 |
_2lcc _cBK |
||
| 999 |
_c12064 _d12064 |
||